Statistics for Random Country Quiz

Click here to take the quiz!

General Stats

  • This quiz has been taken 23 times
  • The average score is 2 of 5

Answer Stats

Answer% Correct
Germany
93%
Greece
53%
Indonesia
53%
Spain
27%
Turkey
13%

Score Distribution

Percentile by Number Answered

Percent of People with Each Score

Your Score History

You have not taken this quiz